| 000 | 00532nam a22001817a 4500 | ||
|---|---|---|---|
| 003 | NUST | ||
| 005 | 20260514093356.0 | ||
| 008 | 260514b ||||| |||| 00| 0 eng d | ||
| 020 | _a 978-0429874901 | ||
| 082 |
_a526 _bKAR |
||
| 100 |
_a Menno-Jan Kraak, Ferjan Ormeling. _9134144 |
||
| 245 |
_aCartography Visualization of Geospatial Data / _c Menno-Jan Kraak, Ferjan Ormeling. |
||
| 250 | _a4th Edition | ||
| 260 |
_aBoca Raton: _bCRC Press, _c2021. |
||
| 300 |
_a252 p ; _c35.00 cm |
||
| 563 | _aPaperback | ||
| 942 |
_2ddc _cBK |
||
| 999 |
_c617443 _d617443 |
||